[Event "Campos Migjorn op"]
[Site "Campos"]
[Date "2016.09.23"]
[Round "5"]
[White "Munoz Benitez, Lucas"]
[Black "Grimalt Terrasa, Joan"]
[Result "1-0"]
[WhiteElo "1399"]
[BlackElo "1296"]
[PlyCount "71"]
[EventDate "2016.09.09"]
[EventType "swiss"]
[EventRounds "8"]
[EventCountry "ESP"]
[SourceTitle "EXT 2017"]
[Source "ChessBase"]
[SourceDate "2016.10.25"]
[SourceVersion "1"]
[SourceVersionDate "2016.10.25"]
[SourceQuality "1"]

1. e4 e5 2. Nf3 Nc6 3. Bb5 Nf6 4. 0-0 Bd6 5. Re1 a6 6. Bxc6 dxc6 7. d4 Qe7 8. h3 Bd7 9. dxe5 Bxe5 10. Nbd2 0-0-0 11. c3 Qc5 12. Qc2 Bg3 13. Nb3 Bxf2+ 14. Qxf2 Qxf2+ 15. Kxf2 Rhe8 16. Nc5 b6 17. Nxd7 Rxd7 18. e5 Nd5 19. Bd2 h6 20. Nd4 c5 21. Nf5 Ne7 22. Nxe7+ Rexe7 23. Bf4 g5 24. Bg3 Rd2+ 25. Re2 Rd3 26. Rae1 Kd7 27. Re3 Rd2+ 28. R1e2 Rd1 29. Kf3 Ke6 30. Kg4 Rd8 31. h4 Rg8 32. Kh5 Rg6 33. Rf3 g4 34. Rf6+ Rxf6 35. exf6+ Kxf6 36. Rxe7 1-0